Los magnates de la prensa: concentración de los medios de comunicación en Chile

Uloženo v:
Podrobná bibliografie
Hlavní autor: Mönckeberg Pardo, María Olivia (autora)
Médium: Kniha
Jazyk:španělština
Vydáno: Santiago Debate 2009
Vydání:1a. ed
Témata:
Tagy: Přidat tag
Žádné tagy, Buďte první, kdo vytvoří štítek k tomuto záznamu!

MARC

LEADER 00000nam a2200000 a 4500
001 UCG0103
003 CL-VaPUC
008 100312e20090000CL |||||||||||||||||spa|d
020 |a 9789568410292 
082 0 4 |a 302.23  |b MON  |2 21 
100 |a Mönckeberg Pardo, María Olivia  |e autora  |9 577534 
245 1 4 |a Los magnates de la prensa: concentración de los medios de comunicación en Chile 
250 |a 1a. ed 
300 |a 520 p 
942 |c BK 
945 |d 20100312 00:00:00  |a rbrito 
260 |a Santiago  |b Debate  |c 2009 
650 0 |a Medios de comunicación de masas  |9 257273 
650 7 |a SOCIOLOGIA DEL PERIODISMO  |2 CL-VaPUC  |9 462333 
650 7 |a CONCENTRACION ECONOMICA  |2 CL-VaPUC  |9 256619 
650 0 |a Poder político  |9 255509 
583 |a last modification  |c 20121105 03:23:58  |k Rodrigo Vera 
999 |c 339854  |d 339852 
952 |0 0  |1 0  |4 0  |6 302_230000000000000_MON_2009  |7 0  |8 A  |9 434091  |a BIBCUR  |b BIBCUR  |d 2019-11-22  |i 4640934  |l 5  |o 302.23 MON 2009  |p 4640934  |r 2025-04-22  |s 2025-04-07  |w 2019-11-22  |y BK  |k PER